MyGZULibrary

The political economy of international relations / (Record no. 9196)

MARC details
000 -LEADER
fixed length control field 01077pam a2200313 a 4500
001 - CONTROL NUMBER
control field 4770765
003 - CONTROL NUMBER IDENTIFIER
control field GZU
005 - DATE AND TIME OF LATEST TRANSACTION
control field 20210607152934.0
008 - FIXED-LENGTH DATA ELEMENTS--GENERAL INFORMATION
fixed length control field 861029s1987 nju b 001 0 eng
010 ## - LIBRARY OF CONGRESS CONTROL NUMBER
LC control number 86025562
020 ## - INTERNATIONAL STANDARD BOOK NUMBER
International Standard Book Number 0691077320 (alk. paper) :
Terms of availability $45.00
020 ## - INTERNATIONAL STANDARD BOOK NUMBER
International Standard Book Number 0691022623 (pbk.) :
Terms of availability $9.95
040 ## - CATALOGING SOURCE
Original cataloging agency DLC
Transcribing agency DLC
Modifying agency DLC
050 00 - LIBRARY OF CONGRESS CALL NUMBER
Classification number HF1411
Item number .G55 1987
082 00 - DEWEY DECIMAL CLASSIFICATION NUMBER
Classification number 337
Edition number 19
100 1# - MAIN ENTRY--PERSONAL NAME
Personal name Gilpin, Robert.
245 14 - TITLE STATEMENT
Title The political economy of international relations /
Statement of responsibility, etc. Robert Gilpin, with the assistance of Jean M. Gilpin.
260 ## - PUBLICATION, DISTRIBUTION, ETC.
Place of publication, distribution, etc. Princeton, N.J. :
Name of publisher, distributor, etc. Princeton University Press,
Date of publication, distribution, etc. 1987.
300 ## - PHYSICAL DESCRIPTION
Extent xvi, 449 p. ;
Dimensions 25 cm.
500 ## - GENERAL NOTE
General note Includes index.
504 ## - BIBLIOGRAPHY, ETC. NOTE
Bibliography, etc. note Bibliography: p. 409-435.
650 #0 - SUBJECT ADDED ENTRY--TOPICAL TERM
Topical term or geographic name entry element International economic relations.
650 #0 - SUBJECT ADDED ENTRY--TOPICAL TERM
Topical term or geographic name entry element Commercial policy.
650 #0 - SUBJECT ADDED ENTRY--TOPICAL TERM
Topical term or geographic name entry element International finance.
700 1# - ADDED ENTRY--PERSONAL NAME
Personal name Gilpin, Jean M.
856 42 - ELECTRONIC LOCATION AND ACCESS
Materials specified Publisher description
Uniform Resource Identifier <a href="http://www.loc.gov/catdir/enhancements/fy0654/86025562-d.html">http://www.loc.gov/catdir/enhancements/fy0654/86025562-d.html</a>
906 ## - LOCAL DATA ELEMENT F, LDF (RLIN)
a 7
b cbc
c orignew
d 1
e ocip
f 19
g y-gencatlg
942 ## - ADDED ENTRY ELEMENTS (KOHA)
Source of classification or shelving scheme Library of Congress Classification
Koha item type Books
Classification part 1411
Item part GIL
Call number prefix HF
Call number suffix 1987
Holdings
Withdrawn status Lost status Damaged status Not for loan Collection code Home library Current library Shelving location Date acquired Total Checkouts Full call number Barcode Date last seen Copy number Price effective from Koha item type
        Non-fiction Law Library Law Library General Stacks 06/07/2021   HF1411 GIL 1987 004536 06/07/2021 c.1 06/07/2021 Books